|
|
|
|
| LEADER |
00684cam a2200205 7i4500 |
| 001 |
0000009967 |
| 005 |
20170218090000.0 |
| 008 |
100323 eng |
| 020 |
|
|
|a 9781860941894 (hbk.)
|
| 020 |
|
|
|a 1860941893 (pbk.)
|
| 090 |
0 |
0 |
|a TA633
|b .H49 1999
|
| 100 |
1 |
|
|a Heyman, Jacques
|
| 245 |
1 |
4 |
|a The science of structural engineering
|c Jacques Heyman.
|
| 260 |
|
|
|a London:
|b Imperial College Press,
|c 1999.
|
| 300 |
|
|
|a vii, 108 p.;
|c 22 cm.
|
| 500 |
|
|
|a Includes index
|
| 650 |
0 |
0 |
|a Structural engineering
|
| 997 |
|
|
|a Engineering, Faculty
|b Engineering, Department
|
| 998 |
|
|
|a Civil Engineering, Degree
|
| 999 |
|
|
|a 0000013970
|b BOK
|c OPEN SHELF
|e 2nd Floor, Bestari Jaya
|